Maayepaasun Dur Dur (Record no. 356593)

MARC details
000 -LEADER
fixed length control field 003760000a22001690004500
005 - DATE AND TIME OF LATEST TRANSACTION
control field 20120302062409.0
040 ## - CATALOGING SOURCE
Original cataloging agency MAR
100 ## - MAIN ENTRY--PERSONAL NAME
Personal name Bhagawat,A.L.
245 ## - TITLE STATEMENT
Title Maayepaasun Dur Dur
260 ## - PUBLICATION, DISTRIBUTION, ETC. (IMPRINT)
Place of publication, distribution, etc Pune:Aananda Sane,1980.
300 ## - PHYSICAL DESCRIPTION
Extent 102p.
365 ## - TRADE PRICE
Price amount 12/-
650 ## - SUBJECT ADDED ENTRY--TOPICAL TERM
Topical term or geographic name as entry element Tatvadnyaan
650 ## - SUBJECT ADDED ENTRY--TOPICAL TERM
Topical term or geographic name as entry element Paraamaanas Shaastra
650 ## - SUBJECT ADDED ENTRY--TOPICAL TERM
Topical term or geographic name as entry element Paramansashastra
942 ## - ADDED ENTRY ELEMENTS (KOHA)
Koha item type Book
Holdings
Withdrawn status Lost status Damaged status Not for loan Home library Current library Date acquired Total Checkouts Barcode Date last seen Price effective from
        Institute For Oriental Study, Thane Institute For Oriental Study, Thane 12/02/2009   IOS-17654 12/02/2009 12/02/2009